Statistics for supernatural - Ariana Grande (lyrics)

Click here to take the quiz!

General Stats

  • This quiz has been taken 41 times
  • The average score is 306 of 332

Answer Stats

Answer% Correct
do)
100%
do,
100%
(Do)
100%
do
100%
don't
100%
don’t
100%
Don't
100%
i
96%
I
96%
(I
96%
it,
96%
it
96%
It's
96%
(It's
96%
It’s
96%
(Like
96%
Like
96%
like
96%
me
96%
me,
96%
supernatural
96%
This
96%
this
96%
(This
96%
want
96%
Want
96%
You
96%
you
96%
all)
92%
all,
92%
all
92%
and
92%
at
92%
body
92%
but
92%
clear,
92%
come
92%
crystal
92%
make
92%
mind
92%
my
92%
Need
92%
need
92%
No,
92%
over
92%
stars)
92%
stars
92%
taking
92%
the
92%
to
92%
wanna
92%
your
92%
yours
92%
around
88%
else
88%
fight
88%
here
88%
Just
88%
nobody
88%
on
88%
possessing
88%
right
88%
are
85%
for?
85%
hands
85%
moon
85%
name
85%
only
85%
see
85%
that
85%
thing
85%
Yeah
85%
(Yeah),
85%
Yeah,
85%
You're
85%
claim
81%
fall)
81%
fall
81%
far
81%
go
81%
love's
81%
love’s
81%
needs
81%
too
81%
waiting
81%
What
81%
inside
73%
even
69%
let’s
69%
Boy,
65%
Nothing
65%
up
62%
way
58%
felt
50%

Score Distribution

Percentile by Number Answered

Percent of People with Each Score

Your Score History

You have not taken this quiz